Detalles MARC
| 000 -LEADER |
| campo de control de longitud fija |
02256cam a22003614i 4500 |
| 003 - IDENTIFICADOR DE NÚMERO DE CONTROL |
| campo de control |
PE-LiUPU |
| 005 - FECHA Y HORA DE LA ÚLTIMA TRANSACCIÓN |
| campo de control |
20251002151917.0 |
| 008 - DATOS DE LONGITUD FIJA--INFORMACIÓN GENERAL |
| campo de control de longitud fija |
2409s2024 mx a rb 000 0 spa d |
| 020 ## - NÚMERO INTERNACIONAL ESTÁNDAR DEL LIBRO |
| Número Internacional Estándar del Libro |
9786070903403 |
| 035 ## - NÚMERO DE CONTROL DEL SISTEMA |
| Número de control de sistema |
PE-LiUPU000007 |
| 040 ## - FUENTE DE CATALOGACIÓN |
| Centro catalogador/agencia de origen |
PE-LiUPU |
| Lengua de catalogación |
spa |
| Centro/agencia transcriptor |
PE-LiUPU |
| Normas de descripción |
rda |
| 082 04 - NÚMERO DE LA CLASIFICACIÓN DECIMAL DEWEY |
| Número de clasificación |
346.01 |
| Cutter |
R541i |
| Número de edición |
23 |
| 100 1# - ENTRADA PRINCIPAL--NOMBRE DE PERSONA |
| Nombre de persona |
Rico Álvarez, Fausto, |
| Término indicativo de función/relación |
autor. |
| 9 (RLIN) |
7069 |
| 245 10 - MENCIÓN DEL TÍTULO |
| Título |
Introducción al estudio del derecho civil y personas / |
| Mención de responsabilidad, etc. |
por Fausto Rico Álvarez, Patricio Garza Bandala y Mischel Cohen Chicurel. |
| 250 ## - MENCION DE EDICION |
| Mención de edición |
Cuarta edición, décima reimpresión. |
| 264 #1 - PRODUCCIÓN, PUBLICACIÓN, DISTRIBUCIÓN, FABRICACIÓN Y COPYRIGHT |
| Producción, publicación, distribución, fabricación y copyright |
Ciudad de México : |
| Nombre del de productor, editor, distribuidor, fabricante |
Editorial Porrúa, |
| Fecha de producción, publicación, distribución, fabricación o copyright |
2024. |
| 300 ## - DESCRIPCIÓN FÍSICA |
| Extensión |
365 páginas ; |
| Dimensiones |
24 cm. |
| 336 ## - TIPO DE CONTENIDO |
| Término de tipo de contenido |
text |
| Fuente |
rdacontent |
| 337 ## - TIPO DE MEDIO |
| Nombre/término del tipo de medio |
unmediated |
| Fuente |
rdamedia |
| 338 ## - TIPO DE SOPORTE |
| Nombre/término del tipo de soporte |
volume |
| Fuente |
rdacarrier |
| 504 ## - NOTA DE BIBLIOGRAFÍA, ETC. |
| Nota de bibliografía, etc. |
Incluye bibliografía. |
| 505 0# - NOTA DE CONTENIDO CON FORMATO |
| Nota de contenido con formato |
El concepto de derecho -- Clasificación del derecho en público, privado y social -- La norma jurídica -- El concepto de derecho civil -- Las fuentes del derecho civil -- Las manifestaciones legislativas del derecho civil en México -- Las disposiciones preliminares del Código Civil para el Distrito Federal -- El concepto de persona -- El estatus mínimo de la persona -- El concepto de persona física -- El nombre de las personas físicas -- El inicio de la persona física -- La capacidad de las personas físicas -- El domicilio de las personas físicas -- El patrimonio de las personas físicas -- El estado de las personas físicas -- La terminación de las personas físicas -- El registro civil -- Ausencia y presunción de muerte -- Los atributos de las personas morales -- El concepto, inicio y terminación de las personas morales -- Bibliografía. |
| 650 14 - PUNTO DE ACCESO ADICIONAL DE MATERIA--TÉRMINO DE MATERIA |
| Término de materia o nombre geográfico como elemento de entrada |
Derecho civil |
| Subdivisión general |
Introducción. |
| 9 (RLIN) |
7078 |
| 650 24 - PUNTO DE ACCESO ADICIONAL DE MATERIA--TÉRMINO DE MATERIA |
| Término de materia o nombre geográfico como elemento de entrada |
Derecho civil |
| Subdivisión general |
Teoría general. |
| 9 (RLIN) |
7079 |
| 650 24 - PUNTO DE ACCESO ADICIONAL DE MATERIA--TÉRMINO DE MATERIA |
| Término de materia o nombre geográfico como elemento de entrada |
Personas (Derecho) |
| Subdivisión geográfica |
Perú. |
| 9 (RLIN) |
2480 |
| 700 ## - ENTRADA AGREGADA--NOMBRE PERSONAL |
| Nombre de persona |
Garza Bandala, Patricio, |
| Término indicativo de función/relación |
autor. |
| 9 (RLIN) |
7070 |
| 700 ## - ENTRADA AGREGADA--NOMBRE PERSONAL |
| Nombre de persona |
Cohen Chicurel, Mischel, |
| Término indicativo de función/relación |
autor. |
| 9 (RLIN) |
7071 |
| 710 ## - ENTRADA AGREGADA--NOMBRE DE ENTIDAD CORPORATIVA |
| Nombre de entidad corporativa o nombre de jurisdicción como elemento de entrada |
Editorial Porrúa, |
| Término indicativo de función/relación |
editor. |
| 9 (RLIN) |
7072 |
| 856 40 - LOCALIZACIÓN Y ACCESO ELECTRÓNICOS |
| Identificador Uniforme de Recursos |
<a href="https://porrua.mx/">https://porrua.mx/</a> |
| Nota pública |
Acceso al sitio de la editorial. |
| 942 ## - ELEMENTOS DE ENTRADA SECUNDARIOS (KOHA) |
| Fuente del sistema de clasificación o colocación |
Clasificación Decimal Dewey |
| Tipo de ítem Koha |
Libros físicos |
| 980 ## - EQUIVALENCIA O REFERENCIA-CRUZADA-MENCIÓN DE SERIE--NOMBRE DE PERSONA/TÍTULO [LOCAL, CANADÁ] |
| ID del usuario creador del registro |
21515 |
| Nombre del creador del registro |
ROMINA COBOS Adquisiciones |
| ID del último usuario que modificó el registro |
18226 |
| Nombre del último usuario que modificó el registro |
Jaime Vilcazán Jefe de Análisis Documental |